| 000 | 00862nam a2200265Ia 4500 | ||
|---|---|---|---|
| 003 | OSt | ||
| 005 | 20221005105255.0 | ||
| 006 | a|||||r|||| 00| 0 | ||
| 007 | ta | ||
| 008 | 221004b |||||||| |||| 00| 0 hin d | ||
| 020 |
_a8170163080 (hbk) _c75 |
||
| 024 | _a121432 | ||
| 037 |
_b13336, 23/07/2012, Kitab Ghar _cTextual |
||
| 040 |
_aCRL _cCRL _bhin |
||
| 041 |
_2hin _ahin |
||
| 082 | _aO168,3x, 152N6 | ||
| 100 | _aरामलाल | ||
| 245 | 0 | _aचुनिंदा कहानियां | |
| 246 | _aChuniandā kahāniyāan | ||
| 260 |
_aनई दिल्ली _bकिताबघर भारत _c1996 |
||
| 300 |
_a123पृ0 _ccm. |
||
| 650 | _aहिन्दी साहित्य | ||
| 942 |
_hO168,3x, 152N6 _cTEXL _2cc |
||
| 999 |
_c1015342 _d1015342 |
||